[Event "Leipzig VfB op 13th"]
[Site "Leipzig"]
[Date "2006.03.16"]
[Round "5"]
[White "Pavlov, Anatoly"]
[Black "Kleye, Emanuel"]
[Result "1-0"]
[WhiteElo "2160"]
[BlackElo "1940"]
[PlyCount "73"]
[EventDate "2006.03.14"]
[EventType "swiss"]
[EventRounds "9"]
[EventCountry "GER"]
[SourceTitle "EXT 2008"]
[Source "ChessBase"]
[SourceDate "2007.11.25"]
[SourceVersion "1"]
[SourceVersionDate "2007.11.25"]
[SourceQuality "1"]

1. d4 d5 2. c4 c6 3. cxd5 cxd5 4. Nf3 Nc6 5. Nc3 Nf6 6. Bf4 g6 7. e3 a6 8. Ne5 Nxe5 9. Bxe5 Bg7 10. Bd3 e6 11. 0-0 0-0 12. Rc1 Bd7 13. Na4 Bxa4 14. Qxa4 Rc8 15. Qb4 Qd7 16. f3 h5 17. Qb6 Ne8 18. Bf4 Bf6 19. b4 Bd8 20. Qa7 g5 21. Bg3 h4 22. Bf2 Nf6 23. Rxc8 Qxc8 24. Qc5 Qxc5 25. bxc5 Bc7 26. Rb1 Rb8 27. g3 hxg3 28. Bxg3 Bxg3 29. hxg3 Nd7 30. a4 f6 31. Kg2 Kf7 32. e4 Kg7 33. exd5 exd5 34. Bf5 Nxc5 35. dxc5 Rd8 36. Rxb7+ Kf8 37. c6 1-0

[Event "Leipzig VfB op 12th"]
[Site "Leipzig"]
[Date "2005.03.06"]
[Round "9"]
[White "Kleye, Emanuel"]
[Black "Bross, Thomas"]
[Result "1/2-1/2"]
[WhiteElo "1649"]
[BlackElo "2011"]
[PlyCount "45"]
[EventDate "2005.01.03"]
[EventType "swiss"]
[EventRounds "9"]
[EventCountry "GER"]
[SourceTitle "EXT 2008"]
[Source "ChessBase"]
[SourceDate "2007.11.25"]
[SourceVersion "1"]
[SourceVersionDate "2007.11.25"]
[SourceQuality "1"]

1. e4 e5 2. Nc3 Nf6 3. Nf3 d6 4. d4 exd4 5. Nxd4 Be7 6. Be2 Bd7 7. Be3 Nc6 8. 0-0 0-0 9. f4 Nxd4 10. Bxd4 Bc6 11. Bf3 Nd7 12. Qd3 Bf6 13. Rae1 Bxd4+ 14. Qxd4 Qh4 15. g3 Qh3 16. Bg2 Qg4 17. Nd5 Bxd5 18. Qxd5 Rab8 19. c4 Nb6 20. Qd4 Qe6 21. b3 a6 22. Rf2 f6 23. Rfe2 1/2-1/2

[Event "Leipzig VfB op 12th"]
[Site "Leipzig"]
[Date "2005.03.03"]
[Round "5"]
[White "Kleye, Emanuel"]
[Black "Saliu, Vigan"]
[Result "1-0"]
[WhiteElo "1649"]
[BlackElo "1054"]
[PlyCount "69"]
[EventDate "2005.01.03"]
[EventType "swiss"]
[EventRounds "9"]
[EventCountry "GER"]
[SourceTitle "EXT 2008"]
[Source "ChessBase"]
[SourceDate "2007.11.25"]
[SourceVersion "1"]
[SourceVersionDate "2007.11.25"]
[SourceQuality "1"]

1. e4 e5 2. Nf3 Nf6 3. Nc3 Nc6 4. Bb5 d6 5. 0-0 Bd7 6. Re1 Be7 7. d3 a6 8. Ba4 0-0 9. h3 Re8 10. Ne2 b5 11. Bb3 Bc8 12. c3 Bb7 13. Ng3 Nd7 14. d4 Bf6 15. Bc2 Nf8 16. Be3 Ng6 17. Nh5 exd4 18. Nxf6+ Qxf6 19. cxd4 h6 20. Qd2 Kh7 21. h4 Kg8 22. g3 Qxf3 23. h5 Qxh5 24. Kg2 Nce7 25. Rh1 Qg4 26. f3 Qd7 27. Bxh6 f6 28. Bxg7 Kxg7 29. Qh6+ Kf7 30. Qh7+ Ke6 31. d5+ Ke5 32. Rad1 Nf4+ 33. gxf4+ Kxf4 34. Rh4+ Ke3 35. Qh6+ 1-0

[Event "Leipzig VfB op 11th"]
[Site "Leipzig"]
[Date "2004.03.17"]
[Round "2"]
[White "Meessen, Max"]
[Black "Kleye, Emanuel"]
[Result "1/2-1/2"]
[WhiteElo "2111"]
[BlackElo "1652"]
[PlyCount "82"]
[EventDate "2004.03.16"]
[EventType "swiss"]
[EventRounds "9"]
[EventCountry "GER"]
[SourceTitle "EXT 2007"]
[Source "ChessBase"]
[SourceDate "2006.11.23"]
[SourceVersion "1"]
[SourceVersionDate "2006.11.23"]
[SourceQuality "1"]

1. d4 c6 2. c4 d5 3. Nf3 Nf6 4. Nc3 g6 5. e3 Bg7 6. Be2 0-0 7. 0-0 Nbd7 8. Qc2 e6 9. Rd1 b6 10. b3 Bb7 11. Bb2 Rc8 12. Ne5 Qc7 13. f4 c5 14. Bf3 Rfd8 15. g3 cxd4 16. exd4 Nxe5 17. fxe5 Ne8 18. Qg2 Qd7 19. cxd5 Bxd5 20. Nxd5 exd5 21. Rac1 Rxc1 22. Rxc1 Nc7 23. Qc2 Ne6 24. Qc6 h5 25. Kf2 Bf8 26. Ke2 Kg7 27. Qxd7 Rxd7 28. Kd3 Be7 29. a4 f6 30. exf6+ Bxf6 31. Rc6 Kf7 32. Bc3 h4 33. Bg4 Re7 34. Bb4 Re8 35. Bxe6+ Rxe6 36. Rc7+ Ke8 37. Rxa7 Re4 38. Bc3 hxg3 39. hxg3 Rg4 40. Be1 Rxd4+ 41. Kc2 Re4 1/2-1/2

[Event "Leipzig VfB op 11th"]
[Site "Leipzig"]
[Date "2004.03.16"]
[Round "1"]
[White "Kleye, Emanuel"]
[Black "Dobierzin, Olaf"]
[Result "1/2-1/2"]
[WhiteElo "1652"]
[BlackElo "2147"]
[PlyCount "82"]
[EventDate "2004.03.16"]
[EventType "swiss"]
[EventRounds "9"]
[EventCountry "GER"]
[SourceTitle "EXT 2007"]
[Source "ChessBase"]
[SourceDate "2006.11.23"]
[SourceVersion "1"]
[SourceVersionDate "2006.11.23"]
[SourceQuality "1"]

1. e4 c5 2. Nc3 Nc6 3. g3 g6 4. Bg2 Bg7 5. d3 d6 6. Nge2 e5 7. 0-0 Nge7 8. Rb1 0-0 9. f4 exf4 10. Nxf4 Rb8 11. Ncd5 b5 12. c3 b4 13. Be3 Nxd5 14. Nxd5 Be6 15. Qd2 Bxd5 16. exd5 Ne5 17. Bg5 Qb6 18. c4 f5 19. Rbd1 Rfe8 20. h3 Nf7 21. Bf4 Qd8 22. Kh1 Qf6 23. b3 Re7 24. Rde1 Rbe8 25. Qf2 Qc3 26. Rxe7 Rxe7 27. Qf3 Bd4 28. g4 g5 29. Bxg5 Nxg5 30. Qxf5 Nf7 31. Be4 Bg7 32. Qxh7+ Kf8 33. g5 Ke8 34. Qg8+ Bf8 35. g6 Qg7 36. gxf7+ Rxf7 37. Qxf7+ Qxf7 38. Rxf7 Kxf7 39. Kg2 Kf6 40. Kf3 Kg5 41. Kg3 Bh6 1/2-1/2

[Event "Leipzig VfB op 08th"]
[Site "Leipzig"]
[Date "2001.02.20"]
[Round "1"]
[White "Luechtemeier, Peter"]
[Black "Kleye, Emanuel"]
[Result "1-0"]
[WhiteElo "2209"]
[BlackElo "1597"]
[PlyCount "81"]
[EventDate "2001.02.20"]
[EventType "swiss"]
[EventRounds "9"]
[EventCountry "GER"]
[SourceTitle "EXT 2008"]
[Source "ChessBase"]
[SourceDate "2007.11.25"]
[SourceVersion "1"]
[SourceVersionDate "2007.11.25"]
[SourceQuality "1"]

1. d4 c6 2. c4 d5 3. Nf3 Nf6 4. e3 g6 5. Nc3 Bg7 6. cxd5 cxd5 7. Be2 0-0 8. 0-0 Nc6 9. Bd2 Bd7 10. Qc2 Rc8 11. Rfc1 e6 12. Qd1 Ne4 13. Be1 f5 14. Na4 g5 15. Nc5 Nxc5 16. Rxc5 f4 17. Rac1 Qf6 18. Qb3 Rf7 19. Ne5 fxe3 20. fxe3 Be8 21. Nxf7 Qxf7 22. Qd1 Rc7 23. Bg3 Re7 24. Qd3 h5 25. Rf1 Qg6 26. Qxg6 Bxg6 27. h3 Kh7 28. Rcc1 h4 29. Bd6 Rd7 30. Bf8 Bf5 31. Bxg7 Rxg7 32. Bg4 Bxg4 33. hxg4 Na5 34. b3 Nc6 35. Rc2 Nb4 36. Rc8 Re7 37. Rff8 Nxa2 38. Rg8 Kh6 39. Rh8+ Kg7 40. Rcg8+ Kf6 41. Rh6+ 1-0